000 00739nam a2200217 i 4500
001 69343
003 ES-MaACL
005 20230906170510.0
007 t|
008 040705s1972 sp ||||1| spa d
100 1 _aGarcía y Bellido, Antonio.
_955426
245 1 0 _aArte romano /
_cpor Antonio García-Bellido.
250 _a2ª ed. notablemente acrecida.
260 _aMadrid :
_bConsejo Superior de Investigaciones Científicas,
_c1972.
300 _aXVII, 835 p., 9 lám. :
_bil. ;
_c30 cm.
490 1 _aEnciclopedia clásica ;
_v1
710 2 _aConsejo Superior de Investigaciones Científicas (España)
_93236
830 0 _aEnciclopedia clásica ;
_v1
_9181334
852 _aES-MaACL
_jC-50757
_bR.85013
999 _c69343
_d69343